Od Biatecu, cez dukáty po zánik koruny na území Slovenska sa za roky vystriedalo množstvo mien i platidiel

História prvých platidiel na našom území. Negatívne tendencie vo vývine peňažníctva. Panovníci a znehodnocovanie peňazí. Dve tisícročia používania rôznych mien. Stodevätnásťročná éra koruny ako zákonného platidla na Slovensku až do konca roku 2008.

Gespeichert in:
Bibliographische Detailangaben
1. Verfasser: Horbulák, Zsolt, 1972-
Format: Buchkapitel
Sprache:Slowakisch
Schlagworte:
Tags: Tag hinzufügen
Keine Tags, Fügen Sie das erste Tag hinzu!

MARC

LEADER 00000naa$a2200000$$$4500
001 0107493
005 20231019090634.0
041 0 |a slo 
044 |a SK 
245 1 0 |a Od Biatecu, cez dukáty po zánik koruny  |b na území Slovenska sa za roky vystriedalo množstvo mien i platidiel  |c Zsolt Horbulak 
520 |a História prvých platidiel na našom území. Negatívne tendencie vo vývine peňažníctva. Panovníci a znehodnocovanie peňazí. Dve tisícročia používania rôznych mien. Stodevätnásťročná éra koruny ako zákonného platidla na Slovensku až do konca roku 2008. 
610 2 0 |a Slovensko 
610 2 0 |a mena 
610 2 0 |a história 
610 2 0 |a vývoj menový 
610 2 0 |a peniaze 
610 2 0 |a cena zlata 
100 1 |a Horbulák, Zsolt, 1972-